000 00456nam a2200181Ia 4500
001 12992
005 20260306163021.0
008 260306t2005||||xx |||||||||||||| ||spa||
041 _aESP
082 _aRD 603
_bG23
100 _aGarcía Díaz, Rafael
_eAUT
245 0 _aDiccionario técnico:
_bingles-español; español-inglés
260 _c2005
300 _a852 páginas :
_c17 cm.
650 _aGEN
654 _aCHU
942 _cDIC
_dJUS
_fJUS
_2ddc
_n
999 _c12992
_d12992